| 000 | 00961nam a22002057a 4500 | ||
|---|---|---|---|
| 999 |
_c58973 _d58973 |
||
| 003 | Ge_BSU | ||
| 005 | 20221025162205.0 | ||
| 008 | 221025s2008 ge ||||| |||| 00| 0 geo d | ||
| 020 | _a9992879106 | ||
| 041 | _ageo | ||
| 080 | _a32.001(075.8) ჭ-83 | ||
| 100 |
_aჭუმბურიძე, ო _915539 |
||
| 245 |
_aპოლიტოლოგია : _bზოგადი კურსი / _cოთარ ჭუმბურიძე; რედ.: იგორ კვესელავა. |
||
| 250 | _aმეორე ჩასწორებული გამოცემა | ||
| 264 |
_aქუთაისი : _bქუთაისის სახელმწიფო უნივერსიტეტის გამომცემლობა, _c 2008. |
||
| 300 |
_a245 გვ.; _b20 სმ. |
||
| 653 | _aპოლიტოლოგია | ||
| 700 |
_aკვესელავა, ი. _eრედაქტორი _915540 |
||
| 942 |
_2udc _cBK |
||